Mixed Word: Growing H Words Quiz Stats

 Plays Quiz Updated Feb 13, 2012

     
Support Sporcle.
Go Orange.
Score 0/13 Timer 03:00
1 Play Today
Scramble Word % Correct
WHOHOW
99.9%
ARIHHAIR
99.2%
RYPEHHYPER
97.5%
MEAMHRHAMMER
89.7%
IMUSTHOPPOAPHIPPOPOTAMUS
53.8%
EAGHOSTHOSTAGE
50.1%
SYSIPEHOHTHYPOTHESIS
48.9%
IRRHEUNCAHURRICANE
41.6%
ITATESHEHESITATE
39%
ELTEIPHRCOSHELICOPTERS
25.3%
TERDIMAOHPEHRHERMAPHRODITE
19.3%
STROAPHRIGHYIOHISTORIOGRAPHY
4.1%
ARTHHESLEDFSANEHALFHEARTEDNESS
3.2%

From the Vault

Flag Color Click: South Korea

by Scuadrado

Geography 60s
We never noticed how much Seoul this flag has.
Remove Ads.
Support Sporcle.
Get the best of Sporcle when you Go Orange. This ad-free experience offers more features, more stats, and more fun while also helping to support Sporcle. Thank you for becoming a member.

Show Comments

Extras

Top Quizzes Today


Score Distribution

Your Account Isn't Verified!

In order to create a playlist on Sporcle, you need to verify the email address you used during registration. Go to your Sporcle Settings to finish the process.

Report this User

Report this user for behavior that violates our Community Guidelines.

Details: